Kam smeruješ, slovenská veda?
Z príhovoru na oslavách 40. výročia SAV. Bilancovanie činnosti SAV za uplynulé obdobie. Situácia v SAV od r. 1989, znižovanie počtu vedeckých pracovníkov. Akreditácia vedeckých pracovísk podľa medzinárodných kritérií. Organizácia a riadenie vedy na Slovensku. Aplikácia vedeckých poznatkov v praxi. A...
Uložené v:
| Hlavný autor: | |
|---|---|
| Médium: | Kapitola |
| Jazyk: | Slovak |
| Predmet: | |
| Tagy: |
Žiadne tagy, Buďte prvý, kto otaguje tento záznam!
|
MARC
| LEADER | 00000naa a2200000 4500 | ||
|---|---|---|---|
| 001 | r015528 | ||
| 005 | 20221205091511.2 | ||
| 041 | 0 | |a slo | |
| 044 | |a SK | ||
| 245 | 1 | 0 | |a Kam smeruješ, slovenská veda? |c Branislav Lichardus |
| 520 | |a Z príhovoru na oslavách 40. výročia SAV. Bilancovanie činnosti SAV za uplynulé obdobie. Situácia v SAV od r. 1989, znižovanie počtu vedeckých pracovníkov. Akreditácia vedeckých pracovísk podľa medzinárodných kritérií. Organizácia a riadenie vedy na Slovensku. Aplikácia vedeckých poznatkov v praxi. Aktivity SAV. | ||
| 610 | 2 | 0 | |a politika vedecká |
| 610 | 2 | 0 | |a organizácia vedy |
| 610 | 2 | 0 | |a SAV Bratislava |
| 610 | 2 | 0 | |a 1954-1994 |
| 610 | 2 | 0 | |a výskum vedecký |
| 610 | 2 | 0 | |a pracovníci vedeckí |
| 100 | 1 | |a Lichardus, Branislav | |